The Practice Of Business Statistics, (Record no. 5218)

MARC details
005 - DATE AND TIME OF LATEST TRANSACTION
control field 20250626073658.0
020 ## - INTERNATIONAL STANDARD BOOK NUMBER
International Standard Book Number 0-7167-2893-1
082 ## - DEWEY DECIMAL CLASSIFICATION NUMBER
Classification number 519.5GUN.
100 ## - MAIN ENTRY--PERSONAL NAME
Author name GUNDLANCH, E.
245 ## - TITLE STATEMENT
Title The Practice Of Business Statistics,
250 ## - EDITION STATEMENT
Edition statement 6th Ed
260 ## - PUBLICATION, DISTRIBUTION, ETC.
Place of publication, distribution, etc. New York,
Name of publisher, distributor, etc. W. H, Freeman And Company,
Date of publication, distribution, etc. 2009.
300 ## - PHYSICAL DESCRIPTION
Extent 281p.; Ill.; table,
Dimensions 27cm.
942 ## - ADDED ENTRY ELEMENTS (KOHA)
Source of classification or shelving scheme Dewey Decimal Classification
Koha item type Books
Holdings
Date last seen Total checkouts Full call number Barcode Cost, replacement price Price effective from Koha item type Lost status Source of classification or shelving scheme Damaged status Not for loan Withdrawn status Home library Current library Shelving location Date acquired Cost, normal purchase price
06/26/2025   519.5GUN. DOM0001037 300000.00 06/26/2025 Books   Dewey Decimal Classification       CBE Dodoma CBE Dodoma General Collection 03/24/2014 100000.00